Konkurenční strategie firmy

Uložené v:
Podrobná bibliografia
Hlavný autor: Bartes, František
Médium: Kniha
Jazyk:Czech
Vydavateľské údaje: Praha Management Press 1997
Predmet:
Tagy: Pridať tag
Žiadne tagy, Buďte prvý, kto otaguje tento záznam!

MARC

LEADER 00000nam a2200000 4500
001 c019644
005 20221129110216.6
020 |a 80-85943-41-7 
041 0 |a cze 
044 |a CZ 
245 1 0 |a Konkurenční strategie firmy  |c František Bartes 
264 1 |a Praha  |b Management Press  |c 1997 
300 |a 124 s. 
610 2 0 |a konkurencia 
610 2 0 |a firmy 
610 2 0 |a stratégia podniková 
610 2 0 |a vedenie podniku 
610 2 0 |a komunikácia 
610 2 0 |a systémy informačné podnikové 
610 2 0 |a manažment strategický 
610 2 0 |a podnikanie 
610 2 0 |a Česko 
610 2 0 |a Spefis 
100 1 |a Bartes, František